| 000 | 01045nam a2200277 a 4500 | ||
|---|---|---|---|
| 003 | BLK | ||
| 005 | 20250528172709.0 | ||
| 008 | 200930b bu |||||r|||| 00| | bu d | ||
| 020 | _a9789542842934 | ||
| 040 | _aBLK | ||
| 041 |
_aBUL _cBUL |
||
| 080 |
_aКанадска литература _b821.111(71) _z821.111(71)-31 |
||
| 100 |
_9489151 _aКатух, Зулфа _eпърви автор |
||
| 139 | _bК 46 | ||
| 245 |
_aДокато лимоновите дръвчета растат _bРоман _cЗулфа Катух ; прев. от англ. Ирина Димитрова |
||
| 257 | _aBGR | ||
| 260 |
_9217021 _aСофия _bСиела Норма _c2023 _n978-954-28- |
||
| 300 |
_a408 с. _c21 см |
||
| 380 | _aX | ||
| 700 | 1 |
_aДимитрова, Ирина Атанасова _d1966- _gПреводач от английски език. _962424 |
|
| 942 |
_cKNG _n0 _s1 _040 |
||
| 944 |
_cНора Радева _k30575 _lМартин Енчев _a30545 |
||
| 999 |
_c495523 _d495523 |
||
| 999 | _d495522 | ||
| 999 | _d389507 | ||
| 999 | _d389507 | ||